Tengu The Devils of D-Day Mirror Charnel House (Record no. 12302)
[ view plain ]
| 000 -LEADER | |
|---|---|
| fixed length control field | 00360nam a2200145 4500 |
| 020 ## - INTERNATIONAL STANDARD BOOK NUMBER | |
| International Standard Book Number | 0-7515-3650-4 |
| 082 ## - DEWEY DECIMAL CLASSIFICATION NUMBER | |
| Classification number | 813.54 |
| 100 ## - MAIN ENTRY--PERSONAL NAME | |
| Personal name | Graham Masterton |
| 245 ## - TITLE STATEMENT | |
| Title | Tengu The Devils of D-Day Mirror Charnel House |
| 260 ## - PUBLICATION, DISTRIBUTION, ETC. | |
| Place of publication, distribution, etc. | UK |
| Name of publisher, distributor, etc. | Time Warner |
| Date of publication, distribution, etc. | 2004 |
| 300 ## - PHYSICAL DESCRIPTION | |
| Extent | Various Pages. |
| Accompanying material | 18cm. |
| 650 ## - SUBJECT ADDED ENTRY--TOPICAL TERM | |
| Topical term or geographic name entry element | Fiction |
| 700 ## - ADDED ENTRY--PERSONAL NAME | |
| Personal name | Masterton, Graham |
| 942 ## - ADDED ENTRY ELEMENTS (KOHA) | |
| Koha item type | Book |
| Withdrawn status | Lost status | Damaged status | Not for loan | Collection code | Permanent Location | Current Location | Shelving location | Date acquired | Source of acquisition | Cost, normal purchase price | Total Checkouts | Total Renewals | Full call number | Barcode | Date last seen | Date last checked out | Price effective from | Koha item type |
|---|---|---|---|---|---|---|---|---|---|---|---|---|---|---|---|---|---|---|
| Central Library (CL) | Central Library (CL) | Fiction | 10/11/2013 | Donation | 0.00 | 2 | 1 | 813.54 MAS | SEECSD00988 | 08/28/2023 | 06/04/2014 | 12/21/2013 | Book |
